Comedias. Los mellizos. El militar fanfarrón. La olla. El gorgojo. Anfitrión. Los cautivos

Gespeichert in:
Bibliographische Detailangaben
1. Verfasser: Plauto
Format: keine Angabe
Sprache:Spanisch
Erschienen: México Porrúa 1978
Katalog:MANES:  Suchergebnis im Bibliothekskatalog
Schulbuchspezifische Eigenschaften:
Tags: Tag hinzufügen
Keine Tags, Fügen Sie den ersten Tag hinzu!
Hinzugefügt zu:26.04.2016
Geändert in:20.11.2024

MARC

LEADER 000000000a22000000004500
001 01178
003 OSt
005 20241121020104.0
008 160427s sp ||||| |||| 00| 0 spa d
040 |c centro_manes 
691 0 |a SE 
100 1 |a Plauto  |9 126 
245 0 0 |a Comedias. Los mellizos. El militar fanfarrón. La olla. El gorgojo. Anfitrión. Los cautivos 
260 3 |a México  |b Porrúa  |c 1978 
300 |a 238 p.  |c 22x14 cm 
500 |a Bruño de América 
690 0 |a LEN 
942 |2 ddc  |c BK 
546 |a España 
999 |c 7152  |d 7152 
999 |c manes:7152  |d 7152